000
00376nam a2200169Ia 4500
008
170705s9999 xx 000 0 und d
020
_a
440428130
245
_a
Freckle juice /
245
_c
Judy Blume.
260
_a
New York :
260
_b
Yearling,
260
_c
1971
300
_a
45 pages :
300
_b
color illustration ;
300
_c
19cm.
500
_a
370
999
_c
335609
_d
335609